| 000 | 00876nam a2200205 i 4500 | ||
|---|---|---|---|
| 001 | 159734 | ||
| 003 | ES-MaACL | ||
| 005 | 20251003164946.0 | ||
| 008 | 050714s1851 fr | |||||||| ||fre d | ||
| 040 |
_aCAM _bspa _cCAM |
||
| 100 | 1 |
_aMirabeau, Honoré-Gabriel de Riqueti _ccomte de. _981463 |
|
| 245 | 1 | 0 |
_aCorrespondance entre le comte de Mirabeau et le comte de La Marck pendant les années 1789, 1790 et 1791 / _crecueillie, mise en ordre et publiée par Ad. de Bacourt. |
| 260 |
_aParis : _bLibrairie Ve Le Normant, _c1851. |
||
| 300 |
_a3 v. (466; 534; 499 p.) ; _c23 cm. |
||
| 651 | 4 |
_aFrancia- _xHistoria- _y1789-1799, Revolución _9241176 |
|
| 700 | 1 |
_aArenberg, Auguste-Marie-Raymond, _cPrince d' _9125695 |
|
| 700 | 1 |
_aBocourt, Adolphe Fourier de. _9126032 |
|
| 852 |
_aES-MaACL _jF-1436-1438 _z-- Enc. hol. el t.I y rust. los t.II-III |
||
| 999 |
_c159734 _d159734 |
||